| 000 | 00822nam a2200289 4500 | ||
|---|---|---|---|
| 001 | 12685 | ||
| 003 | ES-MaACL | ||
| 005 | 20230906150356.0 | ||
| 007 | t| | ||
| 008 | 000000s1983 sp a ||||0| spa d | ||
| 016 | 7 | _zIBH8312848 | |
| 020 | _a84-320-4285-4 | ||
| 040 |
_aIBH _bspa _cM-BN-DP |
||
| 080 | _a940.42(093.32) | ||
| 080 | _a92 Garriga Alemany, Ramón | ||
| 100 | 1 |
_aGarriga, Ramón. _955740 |
|
| 245 | 1 | 0 |
_aBerlín, años cuarenta / _cRamón Garriga Alemany. |
| 250 | _a[1ª ed.]. | ||
| 260 |
_aBarcelona : _bPlaneta, _c1983. |
||
| 300 |
_a223 p : _bil ; _c20 cm. |
||
| 490 | 1 |
_aDocumento ; _v110 |
|
| 500 | _aIndice. | ||
| 650 | 1 | 4 |
_aGuerra mundial, 1939-1945- _vRelatos personales. _913254 |
| 830 | 0 |
_aDocumento ; _v110 _9177347 |
|
| 852 |
_aES-MaACL _jL-20124 _bR.114216 |
||
| 999 |
_c12685 _d12685 |
||